000 00328nam a22001337a 4500
008 170527b xxu||||| |||| 00| 0 eng d
020 _a2900130494176
041 _aeng
080 _a621
100 _a26
101 _aIM
245 _aMECHANICAL PRINCIPLES AND SYSTEMS FOR INDUSTRIAL MAINTENANCE
_cKNOTEK, R
942 _2udc
_cBK
999 _c14660
_d14660